[Event "ICS Rated standard match"]
[Site "207.99.83.229"]
[Date "1999.07.09"]
[Round "?"]
[White "KillerKen"]
[Black "Hossa"]
[Result "0-1"]
[WhiteElo "2249"]
[BlackElo "2283"]
[PlyCount "31"]

1. e4 c5 2. Nf3 Nc6 3. Bb5 g6 4. O-O Bg7 5. c3 Nf6 6. d3 Qc7 7. Nbd2 O-O 8. Ng5
d6 9. Nc4 Bg4 10. f3 Bd7 11. Be3 h6 12. Bxc6 Qxc6 13. e5 Nd5 14. Ne4 b5 15. Na5
Qb6 16. c4 {KillerKen resigns} 0-1

[Event "ICS rated bullet match"]
[Site "207.99.83.229"]
[Date "1999.07.09"]
[Round "?"]
[White "lhg"]
[Black "Hossa"]
[Result "0-1"]
[WhiteElo "2282"]
[BlackElo "2402"]
[PlyCount "66"]

1. e4 c5 2. Nf3 Nc6 3. d4 cxd4 4. Nxd4 Nf6 5. Nc3 e5 6. Nb3 Bb4 7. f3 Bxc3+ 8.
bxc3 O-O 9. Be3 d5 10. exd5 Nxd5 11. Qd2 Nxe3 12. Qxe3 Qh4+ 13. g3 Qa4 14. Bd3
Qa3 15. Kf2 Bh3 16. Rhe1 f5 17. c4 Rab8 18. Qc5 Qb2 19. Rab1 Qxa2 20. Qd6 Rbd8
21. Qe6+ Kh8 22. Ra1 Qb2 23. Reb1 Qc3 24. Rd1 Rf6 25. Qxf6 gxf6 26. Nd2 Nb4 27.
Rac1 Rxd3 28. cxd3 Nxd3+ 29. Ke2 Nxc1+ 30. Rxc1 Qxc1 31. g4 fxg4 32. Kd3 Bf1+
33. Ke3 33... Qe1# {lhg checkmated} 0-1

[Event "ICS rated standard match"]
[Site "207.99.83.229"]
[Date "1999.07.09"]
[Round "?"]
[White "Hossa"]
[Black "RedBear"]
[Result "0-1"]
[WhiteElo "2297"]
[BlackElo "2311"]
[PlyCount "125"]

1. e4 c5 2. Nf3 e6 3. d4 cxd4 4. Nxd4 Nc6 5. Nc3 Nf6 6. Ndb5 d6 7. Bf4 e5 8.
Bg5 a6 9. Na3 b5 10. Bxf6 gxf6 11. Nd5 f5 12. Bd3 Be6 13. O-O Bxd5 14. exd5 Ne7
15. Nxb5 Bg7 16. Nc3 e4 17. Bc4 Qa5 18. Qd2 Rc8 19. Nxe4 Qb6 20. Nxd6+ Qxd6 21.
Qe2 Bxb2 22. Rab1 Be5 23. Kh1 O-O 24. Bxa6 Rc7 25. Bd3 Qxd5 26. Rb5 Rc5 27. a4
Ra8 28. c4 Qd6 29. Bc2 Qh6 30. h3 Rac8 31. f4 Bf6 32. Bd3 Qh4 33. Qe3 R5c6 34.
Rfb1 Re6 35. Qf3 Bd4 36. Qf1 Re3 37. Bxf5 Nxf5 38. Rxf5 Ra3 39. Rg5+ Kh8 40. a5
Rg8 41. c5 Rxg5 42. fxg5 Qe4 43. Kh2 Be5+ 44. Kg1 Qe3+ 45. Kh1 Qg3 46. Qg1 Rxa5
47. Rf1 Ra3 48. Rd1 Kg7 49. Rb1 Qh4 50. Qf1 Qe4 51. Kg1 Bd4+ 52. Kh2 Qe5+ 53.
Kh1 Qd5 54. Kh2 Be5+ 55. Kg1 Qxc5+ 56. Kh1 Qc2 57. Qg1 Qe4 58. Qb6 Rxh3+ 59.
Kg1 Bd4+ 60. Qxd4+ Qxd4+ 61. Kf1 Qd3+ 62. Kf2 Qe3+ 63. Kf1 {Hossa resigns} 0-1

[Event "ICS rated blitz match"]
[Site "207.99.83.229"]
[Date "1999.07.09"]
[Round "?"]
[White "Hossa"]
[Black "brutus"]
[Result "1-0"]
[WhiteElo "2349"]
[BlackElo "2115"]
[PlyCount "119"]

1. e4 e6 2. d4 d5 3. exd5 exd5 4. Nf3 Bg4 5. Bb5+ c6 6. Be2 Bd6 7. Ng5 Bxe2 8.
Qxe2+ Qe7 9. Be3 Nf6 10. Nd2 h6 11. Ngf3 Nbd7 12. c4 dxc4 13. O-O Nb6 14. Nxc4
Nxc4 15. Qxc4 O-O 16. Rae1 Qc7 17. Qd3 Rfe8 18. Qf5 Nd5 19. b3 Re6 20. Bd2 Rae8
21. Rxe6 Rxe6 22. Re1 Rxe1+ 23. Bxe1 Qe7 24. Qc8+ Kh7 25. Ba5 Qe2 26. Qxb7 Qd1+
27. Ne1 Nf4 28. Qxa7 Ne2+ 29. Kf1 Nxd4 30. Qa6 Bf4 31. Qd3+ Qxd3+ 32. Nxd3 Bd6
33. Bb4 Bxb4 34. Nxb4 Kg6 35. Ke1 Kf5 36. Kd2 Ke4 37. Kc3 Ne2+ 38. Kc4 Nf4 39.
Nxc6 Nxg2 40. a4 Nf4 41. a5 Ne6 42. a6 Nc7 43. a7 g5 44. Nd4 f5 45. b4 g4 46.
Nb5 Na8 47. Nd6+ Kf4 48. Kc5 h5 49. Kc6 h4 50. Nf7 Kf3 51. Kb7 Kxf2 52. Kxa8 g3
53. Kb8 g2 54. Ng5 Kg1 55. a8=Q Kxh2 56. Qf3 Kg1 57. Nh3+ Kh2 58. Nf4 h3 59.
Qxh3+ Kg1 60. Qxg2# {brutus checkmated} 1-0

[Event "ICS Rated standard match"]
[Site "207.99.83.229"]
[Date "1999.07.09"]
[Round "?"]
[White "expert101"]
[Black "Hossa"]
[Result "0-1"]
[WhiteElo "2170"]
[BlackElo "2282"]
[PlyCount "123"]

1. e4 c5 2. Nf3 e6 3. Nc3 a6 4. d4 cxd4 5. Nxd4 Qc7 6. f4 Bb4 7. Bd2 Ne7 8. Bd3
O-O 9. a3 Bxc3 10. bxc3 d6 11. O-O Nd7 12. Qe1 Qc5 13. Kh1 Rb8 14. Nf3 Nc6 15.
Qh4 b6 16. e5 h6 17. exd6 Qxd6 18. Rae1 Bb7 19. f5 e5 20. Qg3 Qf6 21. c4 Rfe8
22. Bc3 Re7 23. Nd2 Qg5 24. Qxg5 hxg5 25. Ne4 f6 26. Rb1 Rd8 27. a4 Rb8 28. Nd6
a5 29. Be4 Ba8 30. Bd5+ Kf8 31. Rf3 g4 32. Rg3 Nc5 33. Rxg4 Rd7 34. Ne4 Nxa4
35. Be1 Rbd8 36. Rh4 Bb7 37. Bf2 Nd4 38. Rh8+ Ke7 39. Rxd8 Kxd8 40. Bxb7 Rxb7
41. c5 Nxc2 42. cxb6 Nd4 43. Rd1 Rxb6 44. Bxd4 exd4 45. Rxd4+ Kc7 46. g4 Rb4
47. Rxb4 axb4 48. Kg2 b3 49. Nd2 b2 50. Nb1 Kd6 51. Kf3 Kc5 52. h4 Kd4 53. g5
Nc3 54. Na3 Kc5 55. h5 Kb4 56. h6 Kxa3 57. hxg7 b1=Q 58. g8=Q Qxf5+ 59. Ke3
fxg5 60. Kd4 Nb5+ 61. Kc4 Qf7+ 62. Qxf7 {expert101 resigns} 0-1

[Event "ICS rated standard match"]
[Site "207.99.83.229"]
[Date "1999.07.09"]
[Round "?"]
[White "Hossa"]
[Black "ChessBlade"]
[Result "1-0"]
[WhiteElo "2293"]
[BlackElo "1949"]
[PlyCount "35"]

1. e4 e5 2. Nc3 Nf6 3. Nf3 Nc6 4. Bb5 Bd6 5. O-O O-O 6. d3 a6 7. Ba4 b6 8. Nd5
Nxd5 9. exd5 Ne7 10. Re1 f6 11. d4 exd4 12. Nxd4 Bb7 13. Bb3 Re8 14. Nc6 Bxc6
15. dxc6+ Kh8 16. cxd7 Qxd7 17. Be6 c6 18. Bxd7 {ChessBlade resigns} 1-0

[Event "ICS Rated standard match"]
[Site "207.99.83.229"]
[Date "1999.07.09"]
[Round "?"]
[White "OHFish"]
[Black "Hossa"]
[Result "0-1"]
[WhiteElo "1951"]
[BlackElo "2297"]
[PlyCount "68"]

1. e4 c5 2. Nf3 Nc6 3. c4 Nf6 4. Nc3 e5 5. a3 Be7 6. Rb1 Ng4 7. h3 Nf6 8. d3
O-O 9. Bd2 d6 10. b4 Rb8 11. b5 Nd4 12. a4 Nxf3+ 13. gxf3 Ne8 14. Nd5 Bh4 15.
Rg1 f5 16. Be2 fxe4 17. dxe4 Bxh3 18. Be3 Kh8 19. Qd2 Nf6 20. Rh1 Nxd5 21. Rxh3
Nxe3 22. Qxe3 Qa5+ 23. Kf1 Rf4 24. Kg2 Qxa4 25. Rbh1 g5 26. Qd2 Rf6 27. f4 Rxf4
28. Rxh4 gxh4 29. Qxd6 Rg8+ 30. Kf1 Qa1+ 31. Bd1 Qc3 32. Rxh4 Rg1+ 33. Kxg1
Qe1+ 34. Kh2 34... Qxf2+ {OHFish resigns} 0-1

[Event "ICS Rated blitz match"]
[Site "207.99.83.229"]
[Date "1999.07.09"]
[Round "?"]
[White "Hossa"]
[Black "indyacarr"]
[Result "1-0"]
[WhiteElo "2356"]
[BlackElo "2384"]
[PlyCount "53"]

1. e4 Nc6 2. Nf3 Nf6 3. Nc3 e6 4. e5 Ng4 5. d4 h5 6. h3 Nh6 7. Bd3 Bb4 8. Bg5
Be7 9. Bf4 Nb4 10. O-O Nxd3 11. Qxd3 Nf5 12. Nd1 g5 13. Bh2 g4 14. Nd2 gxh3 15.
Qxh3 Nxd4 16. c3 Nc6 17. Ne4 d6 18. Ne3 dxe5 19. Ng4 Rg8 20. Qxh5 Bh4 21. f4
Rf8 22. Rad1 Bd7 23. fxe5 Nb8 24. Ngf6+ Bxf6 25. Nxf6+ Qxf6 26. Rxf6 Nc6 27.
Qg5 {indyacarr resigns} 1-0

[Event "ICS rated standard match"]
[Site "207.99.83.229"]
[Date "1999.07.09"]
[Round "?"]
[White "ohiogm"]
[Black "Hossa"]
[Result "1-0"]
[WhiteElo "2040"]
[BlackElo "2301"]
[PlyCount "62"]

1. b3 e5 2. e3 d5 3. Bb2 Nd7 4. c4 Ngf6 5. cxd5 Nxd5 6. Nc3 N7f6 7. Nxd5 Qxd5
8. f3 Be6 9. Bc4 Qd6 10. Rc1 Bxc4 11. Rxc4 O-O-O 12. Ne2 Nd5 13. Qb1 Nb6 14.
Qf5+ Kb8 15. Rc2 f6 16. f4 Qd5 17. fxe5 Qxg2 18. Rg1 Qxh2 19. exf6 g6 20. Qe4
Nd7 21. f7 Nc5 22. Rxc5 Bxc5 23. Bxh8 Qd6 24. Bd4 Bb6 25. Qe8 Qf8 26. Qxd8+
Qxd8 27. Rf1 Qf8 28. Bg7 Qd8 29. f8=Q c6 30. Be5+ Kc8 31. Qg7 31... Bc5 {
Hossa resigns} 1-0

[Event "ICS rated standard match"]
[Site "207.99.83.229"]
[Date "1999.07.09"]
[Round "?"]
[White "Hossa"]
[Black "vengeance1"]
[Result "0-1"]
[WhiteElo "2291"]
[BlackElo "1921"]
[PlyCount "151"]

1. b3 d5 2. Nf3 Bg4 3. Ne5 Bh5 4. d4 Nd7 5. g3 e6 6. Bg2 Ngf6 7. O-O Bd6 8. Bf4
O-O 9. c4 Qe7 10. Nc3 Bb4 11. Rc1 Nxe5 12. dxe5 Bxc3 13. Rxc3 Ne4 14. Rd3 Nc5
15. Rd4 c6 16. Qd2 Bg6 17. Bg5 Qc7 18. f3 h6 19. Bf4 Rad8 20. Rd1 Nxb3 21. axb3
c5 22. Rd3 Bxd3 23. exd3 dxc4 24. bxc4 a5 25. Ra1 b6 26. Qc3 Qd7 27. Ra3 Qd4+
28. Qxd4 Rxd4 29. Be3 Rd7 30. Rb3 a4 31. Rxb6 Rxd3 32. Bxc5 Rc8 33. Bf1 Rb3 34.
Rxb3 axb3 35. Bd4 Rb8 36. Bb2 Ra8 37. Bc3 Ra2 38. Bd3 b2 39. Be4 Ra1+ 40. Kf2
b1=Q 41. Bxb1 Rxb1 42. Bd2 Kf8 43. h4 Rb3 44. Ke2 Ke7 45. g4 Kd7 46. Be3 Rc3
47. c5 Kc6 48. f4 Rc2+ 49. Kf3 Kd5 50. g5 hxg5 51. hxg5 Rc3 52. c6 Rxc6 53. Bd2
Rb6 54. Ba5 Rb3+ 55. Kg4 Ke4 56. Be1 g6 57. Bg3 Rxg3+ 58. Kxg3 Ke3 59. Kg4 Kf2
60. Kh3 Kf3 61. Kh2 Kxf4 62. Kh1 Kxe5 63. Kg2 Kf4 64. Kf1 Kxg5 65. Ke1 Kf4 66.
Kf1 g5 67. Kf2 e5 68. Kg2 e4 69. Kf1 g4 70. Ke2 g3 71. Ke1 e3 72. Kd1 g2 73.
Kc2 g1=Q 74. Kb3 Qb1+ 75. Kc3 e2 76. Kc4 {Hossa resigns} 0-1

[Event "ICS Rated standard match"]
[Site "207.99.83.229"]
[Date "1999.07.09"]
[Round "?"]
[White "Nicy"]
[Black "Hossa"]
[Result "0-1"]
[WhiteElo "2182"]
[BlackElo "2288"]
[PlyCount "102"]

1. d4 d5 2. Bg5 Nf6 3. Bxf6 exf6 4. e3 Be7 5. g3 O-O 6. Bg2 Bf5 7. Nd2 Nc6 8.
a3 Qd7 9. Ne2 Bh3 10. O-O Bxg2 11. Kxg2 Qf5 12. Nf4 Bd6 13. Nd3 Rad8 14. Qf3
Ne7 15. Qxf5 Nxf5 16. c3 Rde8 17. Rfe1 Re6 18. e4 dxe4 19. Nxe4 Rfe8 20. Nxd6
Nxd6 21. Kf1 Ne4 22. f4 Nd2+ 23. Kf2 Ne4+ 24. Kf1 b6 25. Rad1 f5 26. Kg2 a5 27.
Kf3 b5 28. Rg1 Nd6 29. Rge1 Re4 30. Kf2 Nc4 31. Rb1 h5 32. Rxe4 fxe4 33. Ne5
Nd2 34. Rd1 Nb3 35. Re1 f5 36. Ke3 Re6 37. Rd1 Kf8 38. h3 Rh6 39. h4 Rd6 40.
Ke2 Rd5 41. Ke1 Ke7 42. Ke2 Kd6 43. Nf7+ Ke6 44. Ne5 Rd6 45. Ke1 a4 46. Ke2 c5
47. dxc5 Nxc5 48. Rxd6+ Kxd6 49. Ke3 Nb3 50. Ng6 Na5 51. Ne5 51... Kd5 {
Nicy resigns} 0-1

[Event "ICS Rated blitz match"]
[Site "207.99.83.229"]
[Date "1999.07.09"]
[Round "?"]
[White "Hossa"]
[Black "GIRONA"]
[Result "0-1"]
[WhiteElo "2370"]
[BlackElo "2026"]
[PlyCount "126"]

1. e4 d6 2. Nf3 Nf6 3. Nc3 c6 4. d4 Qa5 5. Bd2 Nbd7 6. Bc4 h6 7. O-O e5 8. dxe5
dxe5 9. Qe1 Qc7 10. Rd1 Be7 11. Nh4 b5 12. Bb3 Nc5 13. f4 Nxb3 14. cxb3 O-O 15.
Nf3 Nd7 16. Qf2 Bf6 17. fxe5 Nxe5 18. Nxe5 Bxe5 19. Bf4 Be6 20. Bxe5 Qxe5 21.
Qd4 Qxd4+ 22. Rxd4 Rfd8 23. Rfd1 Rxd4 24. Rxd4 Kf8 25. Rd6 Rc8 26. e5 Ke7 27.
Ne4 Rc7 28. Kf2 Bd5 29. Ng3 g6 30. Ne2 Rd7 31. Rxd7+ Kxd7 32. Nf4 Be4 33. b4 g5
34. Nh5 Ke6 35. Nf6 Kxe5 36. Ng4+ Kd4 37. Nxh6 f5 38. Nf7 g4 39. Nd6 Bb1 40.
Nc8 a6 41. Ne7 c5 42. Kg3 cxb4 43. Kf4 a5 44. Nxf5+ Kc5 45. Kxg4 Bxa2 46. h4 a4
47. h5 a3 48. bxa3 bxa3 49. h6 Bg8 50. Ne3 a2 51. Nc2 Bh7 52. Na1 Kc4 53. Kg5
b4 54. g4 b3 55. Nxb3 Kxb3 56. Kh4 a1=Q 57. Kh5 Kc4 58. Kh4 Qg1 59. Kg5 Kd5 60.
Kh5 Ke5 61. Kg5 Qg3 62. Kh5 Kf4 63. g5 63... Qxg5# {Hossa checkmated} 0-1

[Event "ICS Rated blitz match"]
[Site "207.99.83.229"]
[Date "1999.07.09"]
[Round "?"]
[White "topolino"]
[Black "Hossa"]
[Result "0-1"]
[WhiteElo "2562"]
[BlackElo "2351"]
[PlyCount "94"]

1. e4 e5 2. Nf3 Nf6 3. d4 Nxe4 4. Bd3 d5 5. Nxe5 Bd6 6. O-O O-O 7. c4 Nc6 8.
Nxc6 bxc6 9. c5 Be7 10. Re1 f5 11. f3 Bh4 12. g3 Nxg3 13. hxg3 Bxg3 14. Re2 Qh4
15. Be3 Rf6 16. Nc3 f4 17. Bxf4 Bxf4 18. Qf1 Qg5+ 19. Qg2 Be3+ 20. Rf2 Bxf2+
21. Kxf2 Qd2+ 22. Ne2 Qxd3 23. Ke1 Ba6 24. Rd1 Qxf3 25. Qxf3 Rxf3 26. Ng1 Rf4
27. Nh3 Re8+ 28. Kd2 Rxd4+ 29. Kc1 Rc4+ 30. Kb1 Rxc5 31. a3 Rb5 32. Ka2 Re2 33.
Rb1 Rb7 34. Ka1 Bc4 35. Nf4 Re4 36. Nh5 Rh4 37. Ng3 Rh2 38. Nf1 Bxf1 39. Rxf1
Rbxb2 40. Rf3 Rbf2 41. Rxf2 Rxf2 42. Kb1 g5 43. Kc1 g4 44. Kd1 c5 45. a4 g3 46.
a5 g2 47. Ke1 47... g1=Q# {topolino checkmated} 0-1

[Event "ICS Rated blitz match"]
[Site "207.99.83.229"]
[Date "1999.07.09"]
[Round "?"]
[White "Hossa"]
[Black "topolino"]
[Result "0-1"]
[WhiteElo "2376"]
[BlackElo "2537"]
[PlyCount "92"]

1. e4 c6 2. c4 d5 3. exd5 cxd5 4. cxd5 Qxd5 5. Nc3 Qd6 6. d4 Nf6 7. Be3 e6 8.
Rc1 Nc6 9. Nf3 Be7 10. Nb5 Qb8 11. Bd3 O-O 12. O-O Bd7 13. Bg5 Nb4 14. Nc7 Nxa2
15. Rc4 b5 16. Rc2 Nb4 17. Nxa8 Nxc2 18. Ne5 Rd8 19. Qxc2 Qxa8 20. Bxf6 Bxf6
21. Bxh7+ Kf8 22. Qc5+ Be7 23. Qc1 Be8 24. Qf4 Bf6 25. Ra1 Qd5 26. Nf3 Bxd4 27.
Be4 Qc5 28. Qd2 Bf6 29. Qe2 b4 30. Rb1 Bb5 31. Qe1 Rc8 32. Nd2 Qc7 33. Nf3 a5
34. Qd2 Qc4 35. Re1 Rd8 36. Qe3 a4 37. Qf4 Qb3 38. Qc1 Kg8 39. Qc5 Be8 40. Rf1
Qxb2 41. Qh5 g6 42. Qa5 a3 43. Ne1 a2 44. Nc2 b3 45. Na1 Qe2 46. Bc2 46... bxc2
{Hossa resigns} 0-1

[Event "ICS Rated standard match"]
[Site "207.99.83.229"]
[Date "1999.07.09"]
[Round "?"]
[White "Hossa"]
[Black "DiepX"]
[Result "0-1"]
[WhiteElo "2285"]
[BlackElo "2446"]
[PlyCount "88"]

1. e4 e5 2. Nf3 Nf6 3. Nc3 Nc6 4. Bb5 d6 5. Bxc6+ bxc6 6. d4 exd4 7. Qxd4 Be7
8. Qa4 Bd7 9. Bg5 c5 10. Qc4 Rb8 11. O-O-O O-O 12. e5 Ng4 13. Bxe7 Qxe7 14.
exd6 cxd6 15. Nd5 Qd8 16. Rhf1 Ne5 17. Qf4 Nxf3 18. gxf3 Bc6 19. Rg1 f5 20. Qh6
Rf7 21. Qe6 Qf8 22. Rg5 Kh8 23. Rh5 Re8 24. Qg6 h6 25. c4 Bxd5 26. Rxd5 Re1+
27. Kc2 Qe8 28. b3 Rf1 29. Qxd6 Rxf2+ 30. Kb1 Re7 31. Rd1 Qxh5 32. Qxe7 Qxf3
33. Qd8+ Kh7 34. Qd3 Qg2 35. h3 h5 36. Re1 Qh2 37. a3 Qg2 38. b4 Rf3 39. Qc2
Qg3 40. Rh1 Rb3+ 41. Ka2 Rxa3+ 42. Kb2 cxb4 43. Qxf5+ Kh6 44. Qc2 44... Qe5+ {
Hossa resigns} 0-1

[Event "ICS Rated bullet match"]
[Site "207.99.83.229"]
[Date "1999.07.09"]
[Round "?"]
[White "DiepX"]
[Black "Hossa"]
[Result "1-0"]
[WhiteElo "2519"]
[BlackElo "2435"]
[PlyCount "67"]

1. e4 e5 2. Nf3 Nf6 3. Nc3 Nc6 4. d4 exd4 5. Nxd4 Bb4 6. Nxc6 bxc6 7. Bd3 Bxc3+
8. bxc3 O-O 9. Bg5 h6 10. Bh4 d5 11. e5 Re8 12. f4 g5 13. Bg3 Bg4 14. Qc1 Nh5
15. O-O Nxg3 16. hxg3 Qe7 17. Qe3 c5 18. Bb5 Red8 19. Rab1 Rab8 20. Be2 Bxe2
21. Qxe2 Rb6 22. c4 d4 23. f5 Re8 24. Rbe1 Rb2 25. e6 fxe6 26. Qh5 e5 27. f6
Qf7 28. Qxh6 Rbb8 29. Rf5 Qh7 30. Rxg5+ Kh8 31. Qxh7+ Kxh7 32. Rg7+ Kh6 33. Kf2
e4 34. Rh1# {Hossa checkmated} 1-0

[Event "ICS Rated blitz match"]
[Site "207.99.83.229"]
[Date "1999.07.09"]
[Round "?"]
[White "Hossa"]
[Black "occam"]
[Result "1-0"]
[WhiteElo "2379"]
[BlackElo "2283"]
[PlyCount "45"]

1. e4 e5 2. Nf3 Nf6 3. Nc3 Nc6 4. d4 exd4 5. Nxd4 Bb4 6. Nxc6 bxc6 7. Bd3 Qe7
8. O-O O-O 9. Bg5 h6 10. Bh4 g5 11. Bg3 Bxc3 12. bxc3 Nxe4 13. Bxe4 Qxe4 14.
Re1 Qc4 15. Bxc7 Kh7 16. Bd6 Rg8 17. Re7 Qxc3 18. Be5 Qc4 19. Qf3 d6 20. Rxf7+
Kg6 21. Rf6+ Kh7 22. Qh5 Qh4 23. Rxh6# {occam checkmated} 1-0

[Event "ICS Rated blitz match"]
[Site "207.99.83.229"]
[Date "1999.07.09"]
[Round "?"]
[White "Hossa"]
[Black "BEND"]
[Result "0-1"]
[WhiteElo "2391"]
[BlackElo "2385"]
[PlyCount "81"]

1. e4 e6 2. d4 d5 3. exd5 exd5 4. Nf3 Bd6 5. Bb5+ c6 6. Bd3 Bg4 7. Qe2+ Ne7 8.
O-O Qd7 9. Re1 O-O 10. Qe3 Ng6 11. Bxg6 hxg6 12. Ne5 Bxe5 13. dxe5 d4 14. Qg5
Bf5 15. Na3 Re8 16. Bf4 Qd5 17. Bg3 Nd7 18. Qf4 Nc5 19. Qh4 d3 20. cxd3 Nxd3
21. Re3 b5 22. Re2 Nxe5 23. Bxe5 Rxe5 24. Rxe5 Qxe5 25. Qb4 Re8 26. Rc1 Qd5 27.
Qc3 Qxa2 28. Rd1 Qe6 29. Qa5 Kh7 30. Rf1 Bd3 31. Rc1 Qe4 32. h3 b4 33. Qxa7
bxa3 34. Qxa3 Qf4 35. Qc5 Re2 36. g3 Qd2 37. Qc3 Qxb2 38. Qxc6 Rxf2 39. Rd1 Rh2
40. Rf1 Bxf1 41. Qf3 {Hossa resigns} 0-1

[Event "ICS Rated blitz match"]
[Site "207.99.83.229"]
[Date "1999.07.09"]
[Round "?"]
[White "Hossa"]
[Black "MateWithYou2"]
[Result "1-0"]
[WhiteElo "2375"]
[BlackElo "1935"]
[PlyCount "45"]

1. e4 a6 2. Nf3 b5 3. d4 Bb7 4. Bd3 e6 5. O-O c5 6. Nc3 Nf6 7. e5 Nd5 8. Nxd5
Bxd5 9. dxc5 Bxc5 10. Ng5 g6 11. Ne4 Be7 12. a4 b4 13. Bh6 Nc6 14. Bg7 Rg8 15.
Nf6+ Bxf6 16. Bxf6 Qc7 17. Qe2 a5 18. Qe3 Ne7 19. Rad1 Nf5 20. Qg5 h6 21. Qg4
h5 22. Qf4 Rc8 23. Qg5 {MateWithYou2 resigns} 1-0

[Event "ICS Rated blitz match"]
[Site "207.99.83.229"]
[Date "1999.07.09"]
[Round "?"]
[White "BEND"]
[Black "Hossa"]
[Result "1-0"]
[WhiteElo "2401"]
[BlackElo "2377"]
[PlyCount "96"]

1. e4 e5 2. Nf3 Nf6 3. Nxe5 d6 4. Nf3 Nxe4 5. d3 Nf6 6. d4 Be7 7. c4 O-O 8. Be2
d5 9. O-O dxc4 10. Bxc4 Nbd7 11. h3 Nb6 12. Bd3 Re8 13. Re1 Nbd5 14. Nc3 Nxc3
15. bxc3 c5 16. Bc4 Bd6 17. Rxe8+ Qxe8 18. Ng5 Be6 19. Nxe6 fxe6 20. Qb3 Qb8
21. Bxe6+ Kh8 22. d5 b6 23. Be3 Qc7 24. c4 Rf8 25. Qd3 Bh2+ 26. Kh1 Qe5 27. Re1
Ne4 28. Qc2 Bf4 29. Qe2 Bg3 30. a4 Qc3 31. Bf5 Rxf5 32. Bd2 Qf6 33. Qxe4 Re5
34. Qg4 Rxe1+ 35. Bxe1 Bd6 36. Bc3 Qf7 37. Qc8+ Bf8 38. Kg1 Qe7 39. Be5 Qf7 40.
d6 Qg8 41. Qe8 Bxd6 42. Qxg8+ Kxg8 43. Bxd6 Kf7 44. Bb8 a6 45. Bc7 Ke6 46. Bxb6
Kd6 47. Kf1 Kc6 48. Ba5 48... Kd7 {Hossa resigns} 1-0

[Event "ICS rated bullet match"]
[Site "207.99.83.229"]
[Date "1999.07.09"]
[Round "?"]
[White "Hossa"]
[Black "DiepX"]
[Result "0-1"]
[WhiteElo "2423"]
[BlackElo "2545"]
[PlyCount "126"]

1. e4 c5 2. c4 Nc6 3. Nf3 e5 4. Nc3 d6 5. Nd5 Nge7 6. Be2 Nxd5 7. cxd5 Nd4 8.
Nxd4 cxd4 9. O-O Bd7 10. f4 Be7 11. fxe5 dxe5 12. Qb3 Rb8 13. Qg3 Bf6 14. Bh5
Rc8 15. Qb3 b5 16. Qa3 Qb6 17. Rd1 g6 18. Bf3 Be7 19. Qb3 d3+ 20. Kh1 Qd4 21.
Re1 Rc2 22. a4 b4 23. Re3 Qc5 24. Re1 Bh4 25. Rg1 Qc4 26. Qxc4 Rxc4 27. b3 Rc5
28. Bb2 f6 29. Rac1 Rxc1 30. Rxc1 Bg5 31. Rc7 Bxd2 32. Rxa7 Rf8 33. Rc7 Ke7 34.
Rc4 Rc8 35. Rxc8 Bxc8 36. g4 Bc3 37. Bc1 d2 38. Bxd2 Bxd2 39. Kg2 Ba6 40. Bd1
Bf4 41. Bc2 Be2 42. h3 Be3 43. Kg3 g5 44. Kg2 Kd6 45. Kg3 Bb6 46. Kg2 Bd4 47.
Kg3 Be3 48. Kg2 Kd7 49. Kg3 Bd4 50. Kg2 Ke7 51. Kg3 Bc5 52. Bb1 Bd1 53. Ba2 Bc2
54. Kf3 Bb6 55. a5 Bxa5 56. h4 gxh4 57. Kg2 Bxe4+ 58. Kh3 Bb6 59. Kxh4 Bf2+ 60.
Kh5 Bg6+ 61. Kh6 Kf7 62. g5 Be3 63. Bb1 63... Bxg5# {Hossa checkmated} 0-1

[Event "ICS Rated blitz match"]
[Site "207.99.83.229"]
[Date "1999.07.09"]
[Round "?"]
[White "Hossa"]
[Black "egya"]
[Result "1-0"]
[WhiteElo "2360"]
[BlackElo "2055"]
[PlyCount "109"]

1. e4 d5 2. exd5 Nf6 3. d4 Nxd5 4. c4 Nb6 5. Nf3 Bg4 6. Be2 c6 7. Qd3 g6 8. O-O
Bg7 9. Be3 O-O 10. Nbd2 N8d7 11. Qe4 Bf5 12. Qh4 e5 13. Bg5 f6 14. Bh6 e4 15.
Ne1 g5 16. Qh5 Bg6 17. Qh3 Bxh6 18. Qxh6 f5 19. Nb3 Qf6 20. h4 g4 21. Rc1 Rad8
22. a4 Be8 23. Qxf6 Nxf6 24. Nc5 Rf7 25. a5 Nc8 26. Nc2 Nh5 27. Ne6 Rd6 28. Ng5
Nf4 29. Rce1 Rg7 30. a6 h6 31. Bxg4 hxg5 32. Bxf5 Ne7 33. axb7 Rd8 34. Bc8 Rxc8
35. bxc8=Q Nxc8 36. hxg5 Rxg5 37. Rxe4 Nh3+ 38. Kh2 Nd6 39. Rxe8+ Nxe8 40. Kxh3
Nd6 41. Ne3 Ne4 42. f3 Ng3 43. Re1 Nh5 44. Kh4 Ra5 45. b4 Ra4 46. Kxh5 Rxb4 47.
g3 a5 48. d5 cxd5 49. cxd5 Kf7 50. Nf5 Rb5 51. Nd6+ Kf6 52. Nxb5 a4 53. Kh6 a3
54. Nd6 a2 55. Re6# {egya checkmated} 1-0

[Event "ICS Rated blitz match"]
[Site "207.99.83.229"]
[Date "1999.07.09"]
[Round "?"]
[White "Themaster69"]
[Black "Hossa"]
[Result "1-0"]
[WhiteElo "2606"]
[BlackElo "2365"]
[PlyCount "90"]

1. e4 c5 2. Nf3 Nc6 3. d4 cxd4 4. Nxd4 Nf6 5. Nc3 e5 6. Ndb5 d6 7. Bg5 a6 8.
Na3 b5 9. Nd5 Be7 10. Nxe7 Qxe7 11. c4 b4 12. Nc2 O-O 13. Bd3 h6 14. Bh4 Re8
15. Ne3 Be6 16. Qa4 Nd4 17. Qxb4 g5 18. Bg3 Rab8 19. Qd2 Qb7 20. O-O Qxb2 21.
Qd1 Qa3 22. Rb1 Qa5 23. f3 Nd7 24. Rxb8 Rxb8 25. Rf2 Nc5 26. Bf1 f5 27. exf5
Bxf5 28. Nxf5 Nxf5 29. Qd5+ Kh7 30. Bxe5 dxe5 31. Qxe5 Rf8 32. Bd3 Nb7 33. Qe7+
Kg8 34. Qxb7 Qe1+ 35. Bf1 a5 36. Qd5+ Kh8 37. Re2 Qb4 38. Re5 Qb6+ 39. c5 Qf6
40. Qe4 Qf7 41. Bd3 Nh4 42. Re7 Qg6 43. Qxh4 gxh4 44. Bxg6 Rf6 45. Be4 45...
Ra6 {Hossa resigns} 1-0

[Event "ICS Rated blitz match"]
[Site "207.99.83.229"]
[Date "1999.07.09"]
[Round "?"]
[White "Lundbotanmats"]
[Black "Hossa"]
[Result "0-1"]
[WhiteElo "2043"]
[BlackElo "2357"]
[PlyCount "37"]

1. d4 d5 2. Nf3 Nf6 3. e3 e6 4. Bd3 Be7 5. Nbd2 O-O 6. O-O Nc6 7. c3 Qd6 8. e4
e5 9. dxe5 Nxe5 10. Nxe5 Qxe5 11. exd5 Bd6 12. Nf3 Qh5 13. Bg5 Bxh2+ 14. Nxh2
Qxg5 15. Bc4 Re8 16. Qf3 Qh4 17. Rfe1 Rxe1+ 18. Rxe1 Qxc4 19. d6 {
Lundbotanmats resigns} 0-1

[Event "ICS Rated bullet match"]
[Site "207.99.83.229"]
[Date "1999.07.09"]
[Round "?"]
[White "Vanych"]
[Black "Hossa"]
[Result "1-0"]
[WhiteElo "2183"]
[BlackElo "2412"]
[PlyCount "33"]

1. e4 c5 2. Nf3 Nc6 3. Bb5 g6 4. Bxc6 dxc6 5. d3 Bg7 6. h3 Nf6 7. Nc3 O-O 8.
Be3 Qb6 9. Qc1 Nd7 10. O-O Qb4 11. a3 Qb6 12. Bh6 Bxh6 13. Qxh6 Qxb2 14. Ng5
Nf6 15. e5 Qxc3 16. exf6 exf6 17. Qxh7# {Hossa checkmated} 1-0

[Event "ICS Rated bullet match"]
[Site "207.99.83.229"]
[Date "1999.07.09"]
[Round "?"]
[White "Hossa"]
[Black "Themaster69"]
[Result "0-1"]
[WhiteElo "2400"]
[BlackElo "2594"]
[PlyCount "116"]

1. e4 c5 2. Nf3 e6 3. d4 cxd4 4. Nxd4 Nc6 5. Nc3 Qc7 6. f4 a6 7. Be3 b5 8. Nxc6
Qxc6 9. Bd3 Nf6 10. e5 b4 11. Ne2 Ng4 12. Qd2 Bb7 13. O-O-O Nxe3 14. Qxe3 Bc5
15. Qf3 Qxf3 16. gxf3 Bxf3 17. Rhf1 Bc6 18. Ng3 Bg2 19. Rfe1 Bf2 20. Nh5 Bxe1
21. Rxe1 g6 22. Nf6+ Ke7 23. Be4 Bxe4 24. Nxe4 Rab8 25. Rd1 Rb5 26. Rd6 Ra5 27.
Nf6 Rd8 28. Nxh7 Rxa2 29. Kb1 Ra5 30. h3 Rc5 31. Rxa6 Rc4 32. Ra4 Rxf4 33. Nf6
Rh8 34. Ra7 Rd4 35. Ka2 Rd2 36. Kb3 Rxh3+ 37. Kxb4 Re3 38. Ng8+ Kd8 39. Nh6
Rxc2 40. b3 Re4+ 41. Ka3 Rf2 42. Ra8+ Kc7 43. Ra4 Rxa4+ 44. Kxa4 d6 45. exd6+
Kxd6 46. Ng8 e5 47. Nh6 Ke6 48. b4 f5 49. b5 Rh2 50. Nxf5 gxf5 51. Kb3 f4 52.
b6 f3 53. b7 Rh8 54. Kc2 f2 55. Kc3 f1=Q 56. Kb4 Qb1+ 57. Ka5 Qxb7 58. Ka4
58... Ra8# {Hossa checkmated} 0-1

[Event "ICS rated standard match"]
[Site "207.99.83.229"]
[Date "1999.07.09"]
[Round "?"]
[White "Hossa"]
[Black "Themaster69"]
[Result "0-1"]
[WhiteElo "2277"]
[BlackElo "2234"]
[PlyCount "82"]

1. e4 c5 2. Nc3 e6 3. f4 d5 4. Bb5+ Bd7 5. Bxd7+ Qxd7 6. exd5 exd5 7. Nf3 Nf6
8. Ne5 Qe6 9. O-O Be7 10. Re1 Qd6 11. d4 cxd4 12. Nb5 Qb6 13. Nxd4 O-O 14. c3
Bc5 15. a4 Re8 16. a5 Bxd4+ 17. cxd4 Qe6 18. Be3 Na6 19. Rc1 Re7 20. Bf2 Qf5
21. g4 Qe6 22. Qb3 Ne8 23. Bg3 Qd6 24. f5 Qd8 25. Qb5 Nf6 26. Bh4 Rb8 27. Bxf6
gxf6 28. Nf3 Re4 29. h3 Qd6 30. Kg2 Kg7 31. Kf2 Nb4 32. Rc3 Nc6 33. Qc5 Qf4 34.
Rd1 Rbe8 35. Qb5 a6 36. Qxd5 Nxd4 37. b3 Nxf3 38. Qxe4 Rxe4 39. b4 Qh2+ 40.
Kxf3 Rf4+ 41. Ke3 41... Qf2+ {Hossa resigns} 0-1